Trade Integration Between Eastern and Western Europe Politics Follows the Market
Saved in:
| Main Author: | |
|---|---|
| Format: | Book |
| Language: | English |
| Published: |
Kiel
Institut für Weltwirtschaft
1996
|
| Series: | Kiel Working Paper
No. 745 |
| Subjects: | |
| Tags: |
No Tags, Be the first to tag this record!
|
MARC
| LEADER | 00000nam a2200000 4500 | ||
|---|---|---|---|
| 001 | c016058 | ||
| 005 | 20250521093118.9 | ||
| 041 | 0 | |a eng | |
| 044 | |a DE | ||
| 245 | 1 | 0 | |a Trade Integration Between Eastern and Western Europe |b Politics Follows the Market |c Daniel Piazolo |
| 264 | 1 | |a Kiel |b Institut für Weltwirtschaft |c 1996 | |
| 300 | |a 46 s. | ||
| 490 | 1 | |a Kiel Working Paper |v No. 745 | |
| 830 | 0 | |a Kiel Working Paper |v No. 745 | |
| 610 | 2 | 0 | |a integrácia ekonomická |
| 610 | 2 | 0 | |a obchod |
| 610 | 2 | 0 | |a obchod medzinárodný |
| 610 | 2 | 0 | |a trh medzinárodný |
| 610 | 2 | 0 | |a východná Európa |
| 610 | 2 | 0 | |a Európa |
| 610 | 2 | 0 | |a politika obchodná |
| 610 | 2 | 0 | |a spolupráca hospodárska medzinárodná |
| 100 | 1 | |a Piazolo, Daniel | |